000 00731nam a2200229Ia 4500
001 12188
003 GE_BSU
008 181216s||||||||xx |||||||||||||| ||und||
020 _a9785496004176
040 _cGE_BSU
080 _a316.354(075.8)
100 _aГостенина,В.И.
245 _aСоциология управления
245 _bУч. пособ. для студ.вуза по направлению "Социология". Стандарт третьего поколения
260 _aМосква-СПБ
260 _c2013
300 _a368стр.Илл.
300 _eПриложения с.314-355
541 _h50Л.
653 _aСоциология управления
942 _cBK
999 _c45364
_d45364